000 01341nam a2200277 i 4500
003 EG-ScBUE
005 20240813114433.0
008 110122s1997 ua o f 000 0 ara d
017 _a97 / 10245
020 _a9775568081
040 _aEG-ScBUE
_bara
_erda
_cEG-ScBUE
_dEG-ScBUE
043 _af-ua---
082 0 4 _a962.06
_bج ر ي
_222
245 0 2 _aالجريمة والعقاب :
_bأعيدوا حقوق الأسرى وحاكموا القتلة :تقرير المنظمة حول الانتهاكات الجسيمة التي ارتكبها قادة وجنود الجيش الإسرائيلي ضد الأسرى والمدنيين المصريين أثناء حربي 1956 و 1967 وحرب الاستنزاف.
264 1 _aالقاهرة :
_bالمنظمة المصرية لحقوق الإنسان،
_c1997.
300 _a193 صفحة :
_bصور ؛
_c25 سم
336 _2rdacontent
_aنص
_btxt
337 _aبدون وسيط
_2rdamedia
_bn
338 _aمجلد
_bnc
_2rdacarrier
541 _aد. باسم احمد ؛
_cإهداء ؛
650 7 _922138
_aالحروب العربية الاسرائيلية
_xأسرى الحرب.
_2BUEsh
650 7 _917148
_aحرب يونيو1967م
_zمصر.
_2BUEsh
650 7 _916923
_aالاعتداء الثلاثي على مصر 1956.
_2BUEsh
655 _vReading book
942 _2ddc
_cBB
999 _c14944
_d14944